Οι συντεχνείες και τα επαγγέλματα στην Έδεσσα την περίοδο της Τουρκοκρατίας

Αποθηκεύτηκε σε:
Λεπτομέρειες βιβλιογραφικής εγγραφής
Κύριος συγγραφέας: Σταλίδης, Κωνσταντίνος Γ.
Μορφή: Βιβλίο
Γλώσσα:Greek
Δημοσίευση: Θεσσαλονίκη : Ερωδιός, 1999
Έκδοση:2η έκδ.
Θέματα:
Ετικέτες: Προσθήκη ετικέτας
Δεν υπάρχουν, Καταχωρήστε ετικέτα πρώτοι!

MARC

LEADER 00000nam a2200000 i 4500
001 1/4023
008 000524s1999 gre d
035 |l 10061008 
040 |a GR-MY-UA  |b gre  |e aacr 
041 0 |a gre 
082 0 |a 338.632094956 
100 1 |a Σταλίδης, Κωνσταντίνος Γ. 
245 1 3 |a Οι συντεχνείες και τα επαγγέλματα στην Έδεσσα την περίοδο της Τουρκοκρατίας /  |c Κωνσταντίνος Γ. Σταλίδης 
250 |a 2η έκδ. 
260 |a Θεσσαλονίκη :   |b Ερωδιός,   |c 1999 
300 |a 190 σ.  |b εικ. 
504 |a Περιέχει ευρετήριο 
650 0 0 |a Guilds  |z Greece  |z Edessa  |x History. 
650 0 0 |a Employers' associations  |x History  |z Edessa (Greece) 
650 0 0 |a Professions  |z Greece  |z Edessa  |x History. 
852 |a INST  |b LESVOS  |e 20000524  |h 338.632094956 ΣΤΑ  |p 005100026255  |q 005100026255  |t BK  |y 4  |x 20000614 
901 |a BIBL1-2000-2 
909 |a Λ  |b 078129 
920 |a ΕΡΓΑΣΤΗΡΙΟ ΠΟΛΙΤΙΣΜΙΚΗΣ ΕΠΙΚΟΙΝΩΝΙΑΣ ΚΑΙ ΤΕΚΜΗΡΙΩΣΗΣ  |y ΛΕΣΒΟΣ  |z 2000-05 
970 |a ΚΑΜΑΤΣΟΥ  |b ΔΕΣΠΟΙΝΑ  |z 2000/05/24